International tourism /

Hlavní autor: Plesník, Pavol, 1956-
Další autoři: Dluhošová, Radmila, 1962-
Jazyk: Angličtina
Vydáno: Opava : Slezská univerzita v Opavě, 2016
Vydání: Vydání první
Témata:
Fyzický popis: 73 stran : ilustrace ; 25 cm
Language note: Německé resumé
Knihy
Uloženo v:
LEADER 01441nam a2200421 i 4500
001 nkc20162843790
003 CZ PrNK
005 20161128152921.0
007 ta
008 161107s2016 xr a f 000 0 eng
015 |a cnb002843790 
020 |a 978-80-7510-199-0  |q (brožováno) 
035 |a (OCoLC)965747924 
040 |a ABA001  |b cze  |e rda 
041 0 |a eng  |b ger 
072 7 |a 338.3/.4  |x Hospodářská a výrobní odvětví  |2 Konspekt  |9 4 
080 |a 338.48-44(1-87)  |2 MRF 
080 |a (048.8)  |2 MRF 
100 1 |a Plesník, Pavol,  |d 1956-  |7 jo2010579681  |4 aut 
245 1 0 |a International tourism /  |c Pavol Plesník, Radmila Dluhošová 
250 |a Vydání první 
264 1 |a Opava :  |b Slezská univerzita v Opavě,  |c 2016 
300 |a 73 stran :  |b ilustrace ;  |c 25 cm 
336 |a text  |b txt  |2 rdacontent 
337 |a bez média  |b n  |2 rdamedia 
338 |a svazek  |b nc  |2 rdacarrier 
504 |a Obsahuje bibliografie a bibliografické odkazy 
546 |a Německé resumé 
650 0 7 |a zahraniční cestovní ruch  |7 ph273339  |2 czenas 
650 0 9 |a international tourism  |2 eczenas 
655 7 |a monografie  |7 fd132842  |2 czenas 
655 9 |a monographs  |2 eczenas 
700 1 |a Dluhošová, Radmila,  |d 1962-  |7 jx20110817004  |4 aut 
910 2 |a BOA001  |b 2-1376.643 
990 |a BK 
995 |a 01 
991 |b 201611  |c NOV 
996 6 |b 2610686909  |c 2-1376.643  |l MZK  |r Sklad / do 1 hodiny  |n 4  |p p.v.  |w 001585473  |u 000010  |a 1  |e BOA001  |j MZK50  |s P